| 000 | 00744nam a2200205 i 4500 | ||
|---|---|---|---|
| 001 | 92761 | ||
| 003 | ES-MaACL | ||
| 005 | 20250806034150.0 | ||
| 007 | t| | ||
| 008 | 050429s1950 sp ||||1| spa d | ||
| 080 | _a070.11 | ||
| 100 | 1 |
_aLuca de Tena, Torcuato, _d1923-1999 _974516 |
|
| 245 | 1 | 0 |
_aEtica y vocación de periodismo _b: conferencia pronunciada en el Ateneo de Madrid el 15 de marzo de 1950 / _cpor Torcuato Luca de Tena y Brunet. |
| 260 |
_aMadrid : _b[s.n., _c1950 ?] ( _fImpr. Prensa Española) |
||
| 300 |
_a31 p. ; _c20 cm. |
||
| 610 | 2 |
_aAteneo de Madrid- _vConferencias- _y1940-1982. _91908 |
|
| 650 | 7 |
_aÉtica periodística _2embne _912588 |
|
| 852 |
_aES-MaACL _j2185-F-27 _bR.135616 |
||
| 999 |
_c92761 _d92761 |
||